The analyst / John Katzenbach.
Available copies
- 3 of 3 copies available at LARL/NWRL Consortium.
Current holds
0 current holds with 3 total copies.
Show Only Available Copies
| Location | Call Number / Copy Notes | Barcode | Shelving Location | Status | Due Date |
|---|---|---|---|---|---|
| Greenbush Public Library | KAT (Text) | 35500001760675 | Main | Available | - |
| Roseau Public Library | KAT (Text) | 35500003117676 | Main | Available | - |
| Thief River Falls Public Library | KAT (McN) (Text) | 35500003117437 | Main | Available | - |
Record details
- ISBN: 0345426266 (alk. paper)
- Physical Description: 324 p. 24 cm.
- Edition: 1st ed.
- Publisher: New York : Ballantine Books, 2002.
| LDR | 00923cam a2200253Ka 4500 | ||
|---|---|---|---|
| 001 | 37753 | ||
| 003 | LARL_NWRL_CONSORTIUM | ||
| 005 | 20020108083224.0 | ||
| 008 | 010919s2002 nyu 000 1 eng | ||
| 020 | . | ‡a0345426266 (alk. paper) | |
| 035 | . | ‡a(OCoLC)48053792 | |
| 040 | . | ‡aDLC ‡cDLC | |
| 082 | 0 | 0. | ‡a813/.54 ‡221 |
| 099 | . | ‡aKat | |
| 100 | 1 | . | ‡aKatzenbach, John. ‡0(LARL_NWRL_CONSORTIUM)70523 |
| 245 | 1 | 4. | ‡aThe analyst / ‡cJohn Katzenbach. |
| 250 | . | ‡a1st ed. | |
| 260 | . | ‡aNew York : ‡bBallantine Books, ‡c2002. | |
| 300 | . | ‡a324 p. ‡c24 cm. | |
| 901 | . | ‡a37753 ‡bOCLC ‡c37753 ‡tbiblio | |

Add to basket
Permalink
Disable Highlighting